Normal view MARC view

Entry Personal Name

Number of records used in: 1

001 - CONTROL NUMBER

  • control field: 14800

003 - CONTROL NUMBER IDENTIFIER

  • control field: OSt

005 - DATE AND TIME OF LATEST TRANSACTION

  • control field: 20250307015640.0

008 - FIXED-LENGTH DATA ELEMENTS

  • fixed length control field: 250307|| aca||aabn | a|a d

040 ## - CATALOGING SOURCE

  • Original cataloging agency: OSt
  • Transcribing agency: OSt

100 ## - HEADING--PERSONAL NAME

  • Personal name: Blanca, Blessie P., author

670 ## - SOURCE DATA FOUND

  • Source citation: Work cat.: (OSt): Blanca, Blessie P., author., Perceptions on the Level of Job Satisfaction of Selected Graduates of the Bachelor of Science in Industrial Education of Cavite State University - Rosario S.Y. 2001 - 2002 to 2005 - 2006 / , 2008